Quizz Culture générale autour du mot "Bouche" - Statistiques

Statistiques générales
  • Ce quiz a été pris 63 fois
    30 depuis la dernière actualisation
  • Le résultat moyen est 15 sur 20
Statistiques - réponses
Question Réponse % Correct
Ou est la bouche d'une arme à feu ? à l'extrémité du canon
100%
On les appelle aussi tonsilles, ce sont les amygdales
100%
Quelle expression n'existe pas ? Avoir la gorge bouchée
100%
La bouche fait partie de l'appareil Digestif
100%
Que signifie "Etre né avec une cuillère d'argent dans la bouche" ? Etre né dans une famille aisée
100%
Qu'appelait-on le service de bouche ? La préparation des repas
100%
A quel moyen de transport accède-t-on par une bouche ? Métro
100%
Comment se dit bouche en anglais ? Mouth
100%
Le haut de la bouche est appelé le Palais
100%
En France, de quelle couleur sont les bouches d'incendie ? Rouge
100%
Quel mot n'est pas synonyme de "bouches" ? Source
100%
Un adulte possédant sa denture définitive complète n'a pas 6 canines
50%
Comment se dit bouche en italien ? Bocca
50%
Quelle ville Corse est connue pour ses bouches ? Bonifacio
50%
Lequel de ces animaux a une bouche ? Cheval
50%
Quel est le pluriel de bouche-trou des bouche-trous
50%
Quelle est le pluriel de rince-bouche ? des rince-bouche
50%
Quel médecin est spécialiste des maladies de la bouche ? Stomatologue
50%
Quel mot ne désigne pas en argot la bouche ? Bocal
0%
Quel département n'a pas existé ? Bouches de la Meurthe
0%
Aucun quiz correspondant
Distribution des résultats
% des personnes avec chaque résultat
Percentile par nombre de réponses
Votre historique - résultats
Vous n’avez pas pris ce quiz depuis la dernière actualisation